| 000 | 00477nam a22001697a 4500 | ||
|---|---|---|---|
| 003 | CEME | ||
| 005 | 20210628203726.0 | ||
| 008 | 210305b xxu||||| |||| 00| 0 eng d | ||
| 040 | _c. | ||
| 082 | _a297.63 LWD'H | ||
| 100 |
_aLodhi, Abu Nasir Nabi Ahmed Khan Lodhi _967033 |
||
| 245 | _aKhatam ur rasool(pbuh) | ||
| 260 |
_aRAWALPINDI _bISLAMI KUTAN KHANA _c1995 |
||
| 300 | _a864P | ||
| 650 |
_aISLAM-BIOGRAPHY-PROPHET MUHAMMAD PEACE BE UPON HIM _925992 |
||
| 942 |
_cBK _2ddc |
||
| 999 |
_c574890 _d574890 |
||